Exposición que la Diputación Provincial de Barcelona ha dirigido al Gobierno solicitando varias reformas en la organización y atribuciones de la Junta de Obras del Puerto de esta capital
Descripción Física:
23 p. ; 27 cm
MARC
| LEADER | 00000nam a2200000Ia 4500 | ||
|---|---|---|---|
| 001 | 8217 | ||
| 008 | 160829s1898 xx 000 0 cat d | ||
| 080 | |a RF-7-19 | ||
| 110 | 1 | |a Barcelona (Catalunya : Província). |b Diputació |9 52408 | |
| 245 | |a Exposición que la Diputación Provincial de Barcelona ha dirigido al Gobierno solicitando varias reformas en la organización y atribuciones de la Junta de Obras del Puerto de esta capital | ||
| 260 | |a Barcelona : |b (Tip. Casa Caritat), |c 1898 | ||
| 300 | |a 23 p. ; |c 27 cm | ||
| 650 | |a Port de Barcelona. Junta d'Obres |x Organització |9 34630 | ||
| 856 | 4 | |u https://media.diba.cat/diba/fitxers/arxiu/fulletons/bib_8217_1898_baixa.pdf |y Accés lliure | |
| 856 | 4 | |u https://media.diba.cat/diba/fitxers/arxiu/fulletons/bib_8217_1898_baixa.pdf |y Accés lliure | |
| 901 | |a Arxiu | ||
| 942 | |n 1 |2 udc | ||
| 952 | |0 0 |1 0 |4 0 |6 RF719 |7 1 |9 46592 |a Arxiu |b Arxiu |d 2016-12-01 |l 0 |o RF-7-19 |p 8217 |r 2016-12-01 00:00:00 |w 2016-12-01 |y ARXIU | ||
| 999 | |c 50385 |d 50385 | ||
| 900 | |a bib_8217_1898_baixa.pdf | ||